000 04358ncm0a2200469 4500
001 RU\NLR\ONIZ\206988
005 20250624111448.0
035 _a(NLR Aleph) 012672575
090 _a12789463
_c12789463
100 _a20141203d2006 |||y0rusy50 ca
101 0 _arus
102 _aRU
125 _aay
128 _aop
128 _apsl
145 0 _ac
200 1 _aСловно брат и сестра...
_bНоты
_eодноактные оперы по мотивам произведений Шолом-Алейхема
_fВ. Б. Рывкин
_gлибретто Николая Голя
210 _aСанкт-Петербург
_cКомпозитор - Санкт-Петербург
_d2006
215 _a235, [5] c.
_cил.
_d29 см
313 _aСистематизация документа проведена по изданию - Методика классифицирования музыкальных произведений (нотных изданий) по таблицам Библиотечно-библиографических классификаций : метод. рекомендации / Гос. б-ка СССР им. В.И. Ленина.- М., 1977. Индексу ББК методических рекомендаций присваивается код ББК для научных библиотек - LBC/SL
327 1 _aЗдравствуй, Бузя... Еврейская пастораль : опера для солистов, камерного хора и фп. (инструм. анс.) по повести "Песнь песней";
_aСкрипочка для Шолома, или Каприс Паганини : опера для солистов, камерного хора и фп. (камер. анс.) по рассказу "Скрипка";
_aСкрипач на свадьбе : опера для солистов, камер. хора, скрипки и фп. по роману "Стемпеню"
464 0 _12001#$aЗдравствуй, Бузя... Еврейская пастораль$eопера для солистов, камерного хора и фп. (инструм. анс.) по повести "Песнь песней"
_1215##$aС.[3]-106
_1604##
_1700#1$aШолом-Алейхем$f1859-1916
_150010$aПеснь песней$xмузыкальные интерпретации$lповесть$2nlr_sh
_tЗдравствуй, Бузя... Еврейская пастораль
_aШолом-Алейхем (1859-1916)
464 0 _12001#$aСкрипочка для Шолома, или Каприс Паганини$eопера для солистов, камерного хора и фп. (камер. анс.) по рассказу "Скрипка"
_1215##$aС.105-168
_1604##
_1700#1$aШолом-Алейхем$f1859-1916
_150010$aСкрипка$xмузыкальные интерпретации$lрассказ$2nlr_sh
_tСкрипочка для Шолома, или Каприс Паганини
_aШолом-Алейхем (1859-1916)
464 0 _12001#$aСкрипач на свадьбе$eопера для солистов, камер. хора, скрипки и фп. по роману "Стемпеню"
_1215##$aС.169-235
_1604##
_1700#1$aШолом-Алейхем$f1859-1916
_150010$aСтемпеню$xмузыкальные интерпретации$lроман$2nlr_sh
_tСкрипач на свадьбе
_aШолом-Алейхем (1859-1916)
608 _aОпера
_xНоты
_yРоссия
_z19-20 в.
_2nlr_sh
686 _aЩ987.1(2Р)Клавир
_vLBC/SL
_2rubbk
686 _aЩ971(2Р)Клавир
_vLBC/SL
_2rubbk
700 1 _9z01790
_aРывкин
_bВ. Б.
_f1946-
_gВадим Борисович
_4230
702 1 _9z04790
_aГоль
_bН. М.
_f1952-
_gНиколай Михайлович
_4480
_7ca
702 0 _9z05790
_aШолом-Алейхем
_4070
_7ca
790 1 _9z01700
_aRy`vkin
_bV. B.
_f1946-
_gVadim Borisovich
_4230
_7ba
790 1 _9z04702
_aGol`
_bN. M.
_f1952-
_gNikolaj Miсhajlovič
_4480
_7ba
790 1 _9z05702
_aРабинович
_bШ.Н.
_gШолом Нохумович
_4070
_7ca
801 0 _aRU
_bNLR
_c20141203
_gPSBO
801 1 _aRU
_bNLR
_c20141203
_2rusmarc
801 2 _aRU
_bNLR
_c20151105
852 _aNLR
_bМ
_j986/230
_p280903
_t1
852 _aNLR
_bМ
_j3/11400
_p257458
_t2
942 _cSCORE
980 _aNB
980 _aONIZ